00760nam a2200241 a 45000010010000000030011000100080041000210200018000620350026000800920015001061000021001212450085001422600064002273000016002915000017003076500018003248560030003429420012003729520091003849900006004759980020004819990017005010001-1138ELIB.Books150505 2010 eng  a9780802827463 a(ELIB.Books)0001-1293 a225.6bLoa aLoader, William. aThe New Testament with Imagination:bA Fresh Approach to Its Writings and Themes aGrands RapidsbWilliam B. Eerdmans Publishing Companyc2007 a2005c23 Cm aC/o Moe Lwei aNew Testament nKBTS: LibraryuKBTS: Elib 2ddccBK 00102ddc4070aKBTSbKBTSd2015-05-05l0p15345r2022-01-22 00:00:00w2022-01-22yBK a1 cbate2015-05-05 c11138d11138